Adivina el famoso de renombre - Estadísticas

Estadísticas generales
  • Esta prueba ha sido intentada 129 veces
  • La puntuación promedio es 10 de 16
Estadísticas de respuestas
Imagen Respuesta % Correcto
Maeb
93%
Leticia Sabater
75%
Misha
75%
El Dandy de Barcelona
73%
Peter la Anguila
73%
Ramoncín
70%
La Reina del Brillo
69%
Hasbulla
67%
Davida Twerk
56%
Jordi ENP
56%
Perro Viejo
50%
Naiara música
48%
José Nogales
46%
Miquel Montoro
34%
Nadie
34%
Juan Antonio
32%
No se encontraron pruebas coincidentes
Distribución de puntuación
Porcentaje de gente con cada puntuación
Porcentaje por número respondido
Historial de tus puntuaciones
No has intentado esta prueba.